| 000 | 00578nam a2200169 i 4500 | ||
|---|---|---|---|
| 001 | 129216 | ||
| 003 | ES-MaACL | ||
| 005 | 20230906193447.0 | ||
| 007 | t| | ||
| 008 | 070608s1954 sp ||||1| spa d | ||
| 100 | 1 |
_aTena Artigas, Joaquín. _9109687 |
|
| 245 | 1 | 4 |
_aLos estudiantes de Madrid _b: sobrevisión por muestreo en la Universidad / _cJoaquín Tena Artigas. |
| 260 |
_aMadrid : _b[s.n.], _c1954 ( _fGráf. Diana) |
||
| 300 |
_a54 p. ; _c31 cm. |
||
| 500 | _3Es tirada aparte de la Revista de Educación, Nos. 12 y 13 de 1953 | ||
| 852 |
_aES-MaACL _jC-31456 _bR.70107 |
||
| 999 |
_c129216 _d129216 |
||